UBT Library

The fifth discipline : (Record no. 47825)

000 -LEADER
fixed length control field 00771cam a2200253 a 4500
001 - CONTROL NUMBER
control field 2468118
005 - DATE AND TIME OF LATEST TRANSACTION
control field 20180917033605.0
008 - FIXED-LENGTH DATA ELEMENTS--GENERAL INFORMATION
fixed length control field 900226s1990 nyua b 001 0 eng
010 ## - LIBRARY OF CONGRESS CONTROL NUMBER
LC control number 90002991
020 ## - INTERNATIONAL STANDARD BOOK NUMBER
International Standard Book Number 0385260946 :
Terms of availability $19.95 ($24.95 Can.)
040 ## - CATALOGING SOURCE
Original cataloging agency DLC
Transcribing agency DLC
Modifying agency DLC
041 ## - LANGUAGE CODE
Language code of text/sound track or separate title eng
080 ## - UNIVERSAL DECIMAL CLASSIFICATION NUMBER
Universal Decimal Classification number 658.4 SEN
082 00 - DEWEY DECIMAL CLASSIFICATION NUMBER
Classification number 658.4 SEN
Edition number 20
100 1# - Rafti
Rafti 53
101 ## - Shkurtesa
Shkurtesa MEN
245 14 - TITLE STATEMENT
Title The fifth discipline :
Statement of responsibility, etc Peter M. Senge.
504 ## - BIBLIOGRAPHY, ETC. NOTE
Bibliography, etc Includes bibliographical references (p. [391]-409) and index.
740 0# - ADDED ENTRY--UNCONTROLLED RELATED/ANALYTICAL TITLE
Uncontrolled related/analytical title Learning organization.
740 0# - ADDED ENTRY--UNCONTROLLED RELATED/ANALYTICAL TITLE
Uncontrolled related/analytical title 5th discipline.
906 ## - LOCAL DATA ELEMENT F, LDF (RLIN)
a 7
b cbc
c orignew
d 1
e ocip
f 19
g y-gencatlg
942 ## - ADDED ENTRY ELEMENTS (KOHA)
Source of classification or shelving scheme
Item type Books
Holdings
Withdrawn status Lost status Source of classification or shelving scheme Damaged status Not for loan Collection code Permanent location Current location Shelving location Date acquired Total Checkouts Full call number Barcode Date last seen Price effective from Koha item type
          Koleksioni i përgjithshem UBT - Lipjan UBT - Lipjan Koleksioni i përgjithshem 09/17/2018   658.4 SEN 002-3013022 09/17/2018 09/17/2018 Books
UBT Library © 2015-2024. All rights reserved University Education for Business and Technology